000 00549cam a22001577a 4500
008 180718b2007 xxu||||| |||| 00| 0 eng d
020 _a8131601439
082 _aT33 H281
100 _aHatcher, Tim
245 _aEthics and HRD: a new approach to leading responsible organizations
_cby Tim Hatcher
260 _aJaipur
_bRawat
_c2007
300 _a254p.
440 _aNew perspectives in organizational learning, performance and change
650 _aSocial responsibility of business
650 _aPersonnel departments -- Moral and ethical aspects
999 _c407198
_d407198